Manifesto for better public spaces (Record no. 118292)

MARC details
000 -LEADER
fixed length control field 01091cam a2200217 4500
001 - CONTROL NUMBER
control field WB@3612-587
008 - FIXED-LENGTH DATA ELEMENTS--GENERAL INFORMATION
fixed length control field 041110n2004 000 0 eng u
035 ## - SYSTEM CONTROL NUMBER
System control number (Sirsi) u127941
245 ## - TITLE STATEMENT
Title Manifesto for better public spaces
260 ## - PUBLICATION, DISTRIBUTION, ETC.
Date of publication, distribution, etc. 2004
490 ## - SERIES STATEMENT
Series statement CABE Press Release
Volume/sequential designation 2 November 2004 (3)
520 ## - SUMMARY, ETC.
Summary, etc. CABE Space has reissued its call to the public to support its "Manifesto for better public spaces". It has already gained the backing of over 300 organisations with a combined membership of over 3.5m people. The manifesto aims to create a national consensus that parks and public spaces should be a political and financial priority. CABE is seeking opinions and thoughts on parks, play areas, and green spaces in our towns and cities. The manifesto is available at: http://www.itsyourspace.org.uk/manifesto.asp. http://www.cabe.org.uk/news/press/showPRelease.asp ?id=674
590 ## - LOCAL NOTE (RLIN)
Local note WB
590 ## - LOCAL NOTE (RLIN)
Local note WB
650 ## - SUBJECT ADDED ENTRY--TOPICAL TERM
Topical term or geographic name entry element PUBLIC SPACE
650 ## - SUBJECT ADDED ENTRY--TOPICAL TERM
Topical term or geographic name entry element PARKS
650 ## - SUBJECT ADDED ENTRY--TOPICAL TERM
Topical term or geographic name entry element GREEN SPACES
650 ## - SUBJECT ADDED ENTRY--TOPICAL TERM
Topical term or geographic name entry element URBAN REGENERATION
690 ## - LOCAL SUBJECT ADDED ENTRY--TOPICAL TERM (OCLC, RLIN)
Topical term or geographic name as entry element LEISURE AND RECREATION
942 ## - ADDED ENTRY ELEMENTS (KOHA)
Suppress in OPAC 0
Holdings
Withdrawn status Lost status Source of classification or shelving scheme Damaged status Not for loan Home library Current library Shelving location Date acquired Total Checkouts Full call number Barcode Date last seen Copy number Price effective from Koha item type
    Dewey Decimal Classification     London London News article 10/11/2004   WB4043-10 127941-1001 06/08/2019 1 06/08/2019 News article